Humorous introductions for emcees ; a compilation of practical speeches and stories to be used in introducing talent of all types.

Bibliographic Details
Main Author: Brings, Lawrence M. (Lawrence Martin), 1897-1995
Format: Book
Language:English
Published: Minneapolis : T. S. Denison, [1955]
Subjects:

MARC

Tag First Indicator Second Indicator Subfields
LEADER 00000cam a22000001 4500
001 in00000025342
005 20151007061154.0
008 730208s1955 mnu 00000 eng
010 |a  55011067  
035 |a (OCoLC)00964524 
035 |9 AAD1320AM 
040 |a DLC  |c DLC  |d TXA  |d UtOrBLW 
049 |a TXAM  |c [261085] 
050 0 0 |a PN4305.I7  |b B72 
082 0 |a 808.5 
092 |a 808.85  |b B858h 
100 1 |a Brings, Lawrence M.  |q (Lawrence Martin),  |d 1897-1995. 
245 1 0 |a Humorous introductions for emcees ;  |b a compilation of practical speeches and stories to be used in introducing talent of all types. 
264 1 |a Minneapolis :  |b T. S. Denison,  |c [1955] 
300 |a 403 pages ;  |c 22 cm. 
336 |a text  |b txt  |2 rdacontent 
337 |a unmediated  |b n  |2 rdamedia 
338 |a volume  |b nc  |2 rdacarrier 
650 0 |a Introduction of speakers. 
650 0 |a American wit and humor. 
650 0 |a After-dinner speeches. 
999 |a MARS 
999 f f |s d6cc5eb6-6f07-3477-9cfe-01bb34031d32  |i 61040ef4-282d-39db-a3a9-e8edd9e9e420  |t 0 
952 f f |p ric  |a Texas A&M University  |b Rellis Campus  |c Joint Library Facility  |d Remote Storage  |t 0  |e PN4305.I7 B72  |h Library of Congress classification  |i unmediated -- volume  |m A14801203991 
998 f f |a PN4305.I7 B72  |t 0  |l Remote Storage